[Event "HUN--chT U12"]
[Site "Budapest"]
[Date "2019.10.27"]
[Round "2.4"]
[White "Szuhorukov, Viktor"]
[Black "Nagy, Levente2222"]
[Result "0-1"]
[WhiteElo "1213"]
[BlackElo "1286"]
[PlyCount "46"]
[EventDate "2019.10.26"]
[EventType "team-swiss"]
[EventRounds "7"]
[EventCountry "HUN"]
[SourceTitle "CBM 192 Extra"]
[Source "Chessbase"]
[SourceDate "2019.11.06"]
[SourceVersion "1"]
[SourceVersionDate "2019.11.06"]
[SourceQuality "1"]
[WhiteTeam "Csepel"]
[BlackTeam "Barcza Gedeon"]
[WhiteTeamCountry "HUN"]
[BlackTeamCountry "HUN"]

1. e4 c5 2. Nf3 Nc6 3. d4 cxd4 4. Nxd4 g6 5. Nc3 Bg7 6. Be3 Nf6 7. Qd2 0-0 8. 0-0-0 Ng4 9. Nb3 Nxe3 10. Qxe3 d6 11. f3 Be6 12. Nc5 Qb6 13. N3a4 Qb4 14. c3 Qa5 15. Nxe6 fxe6 16. b3 b5 17. Nb2 Bxc3 18. Qe2 Qxa2 19. Qc2 Qa1+ 20. Qb1 Bxb2+ 21. Kc2 Qxb1+ 22. Rxb1 Bg7 23. Bxb5 Nd4+ 0-1